| 000 | 00531nam a2200181Ia 4500 | ||
|---|---|---|---|
| 003 | GCL | ||
| 008 | 140319s9999 xx 000 0 eng d | ||
| 040 |
_aGCL / _cGCL |
||
| 082 | 0 | 4 |
_a51905 _bC S |
| 100 | 1 | _aCOMMERCIAL STATISICS | |
| 245 | 1 | 0 |
_aSTATISICS FOR BUSINESS: DATA AMALYSIS AND MADELING / _cCOMMERCIAL STATISICS |
| 700 | 1 | _aMANAGEMENT STATISICAL METHEDS | |
| 260 |
_a[S.N] : _bINTERNATIONAL MONETARY FUND ، _c1994 |
||
| 300 | _a883 P | ||
| 650 | 0 | 4 | _aCRYER, JONOTHAN D |
| 650 | 0 | 4 | _aMILLER, ROBERT B |
| 942 |
_2ddc _cBK |
||
| 999 |
_c22669 _d22669 |
||